Východiská, očakávaná účinnosť a vnímanie nástrojov politiky cukru a biča ktoré majú viesť daňovníkov k dodržiavaniu daňových predpisov diplomová práca

Salvato in:
Dettagli Bibliografici
Autore principale: Kapustová, Zuzana
Ente Autore: Národohospodárska fakulta EU. Katedra financií
Altri autori: Šepeľová, Jaroslava, 1993-
Natura: Libro
Lingua:slovacco
Pubblicazione: Bratislava 2025
Tags: Aggiungi Tag
Nessun Tag, puoi essere il primo ad aggiungerne!!

MARC

LEADER 00000nbm a2200000 4500
001 0309307
005 20251016124004.5
041 0 |a slo 
044 |a SK 
245 1 0 |a Východiská, očakávaná účinnosť a vnímanie nástrojov politiky cukru a biča ktoré majú viesť daňovníkov k dodržiavaniu daňových predpisov  |b diplomová práca  |c Zuzana Kapustová ; školiteľ: Jaroslava Šepeľová 
264 1 |a Bratislava  |c 2025 
300 |a 90 s. 
100 1 |a Kapustová, Zuzana 
700 1 |a Šepeľová, Jaroslava, 1993- 
710 2 |a Národohospodárska fakulta EU. Katedra financií